| 000 | 00566nam a2200157 a 4500 | ||
|---|---|---|---|
| 008 | 120416s9999 xx |||||||||||||| || u | ||
| 050 | _aHD 31 Hol | ||
| 100 | _aHollingsworth, Abner Thomas, 1939- | ||
| 245 | 1 | 0 | _aStudy guide and readings to accompany Management |
| 246 | _atheory, process, and practice | ||
| 250 | _a2nd ed. | ||
| 350 | _a0.00 | ||
| 650 | _aMANAGEMENT--STUDY AND TEACHING | ||
| 650 | 0 | _aMANAGEMENT | |
| 995 |
_D0.00 _FCBU-MAIN LIBRARY (Kitwe) _H1 _I0.00 _M1 _UDAMAGED _ZMain Library Open Access Collection |
||
| 999 |
_c58800 _d58800 |
||